Sports Quiz

Random Sports or MLB Quiz

White Sox batters worth 3+ WAR since 2000 Quiz Stats

 Plays Quiz not verified by Sporcle

Score 0/39 Timer 10:00
0 Plays Today
Year Player % Correct
2000Frank Thomas
96.5%
2003Frank Thomas
96.5%
2010Paul Konerko
96.1%
2005Paul Konerko
96.1%
2014Jose Abreu
94%
2015Jose Abreu
94%
2006Jermaine Dye
92.1%
2006Jim Thome
87.9%
2007Jim Thome
87.9%
2006Joe Crede
86%
2016Adam Eaton
85.3%
2014Adam Eaton
85.3%
2015Adam Eaton
85.3%
2003Magglio Ordonez
84.7%
2002Magglio Ordonez
84.7%
2001Magglio Ordonez
84.7%
2010Alexei Ramirez
77.5%
2011Alexei Ramirez
77.5%
2014Alexei Ramirez
77.5%
2012A.J. Pierzynski
77%
Year Player % Correct
2017Avisail Garcia
76.7%
2004Carlos Lee
75.7%
2003Carlos Lee
75.7%
2002Carlos Lee
75.7%
2004Aaron Rowand
74.9%
2005Aaron Rowand
74.9%
2001Ray Durham
72.1%
2002Ray Durham
72.1%
2000Ray Durham
72.1%
2016Todd Frazier
67.8%
2000Jose Valentin
66.6%
2003Jose Valentin
66.6%
2002Jose Valentin
66.6%
2001Jose Valentin
66.6%
2008Carlos Quentin
66%
2004Juan Uribe
60.1%
2012Alex Rios
46.1%
2010Alex Rios
46.1%
2000Herbert Perry
32.5%

You're not logged in!

Compare scores with friends on all Sporcle quizzes.
OR
Log In

Sporcle TV

Today on Sporcle TV


Watch our educational content, quiz creation guides, and fun videos on Sporcle TV.

Show Comments

Extras

Top Quizzes Today


Score Distribution

Your Account Isn't Verified!

In order to create a playlist on Sporcle, you need to verify the email address you used during registration. Go to your Sporcle Settings to finish the process.

Report this User

Report this user for behavior that violates our Community Guidelines.

Details: